|
|
|
|
| LEADER |
00741nam a2200193Ia 4500 |
| 001 |
CTU_18883 |
| 008 |
210402s9999 xx 000 0 und d |
| 082 |
|
|
|a 959.7
|
| 082 |
|
|
|b Th114/1997
|
| 100 |
|
|
|a Nguyễn Thị Thu Thắm
|
| 245 |
|
0 |
|a Những bài học lớn rút ra từ Điện Biên Phủ
|
| 245 |
|
0 |
|b Luận văn tốt nghiệp Đại học Sư phạm ngành Sử Khóa 19
|
| 245 |
|
0 |
|c Nguyễn Thị Thu Thắm
|
| 260 |
|
|
|a Cần Thơ
|
| 260 |
|
|
|b Trường Đại Học Cần Thơ, khoa Sư phạm
|
| 260 |
|
|
|c 1997
|
| 650 |
|
|
|a dien bien phu,vietnam - history - 1945 - 1954
|
| 904 |
|
|
|i Huỳnh Thị Trang, 970930
|
| 980 |
|
|
|a Trung tâm Học liệu Trường Đại học Cần Thơ
|